Выбор метода измерения артериального давления; Информационно-измерительная техника и технологии

Podrobná bibliografie
Parent link:Информационно-измерительная техника и технологии.— 2010.— С. 42-43
Hlavní autor: Шкляр Е. И.
Další autoři: Миляев Д. В. Дмитрий Васильевич, Стариков С. С.
Jazyk:ruština
Vydáno: 2010
Médium: MixedMaterials Kapitola
KOHA link:https://koha.lib.tpu.ru/cgi-bin/koha/opac-detail.pl?biblionumber=217266

MARC

LEADER 00000naa2a2200000 4500
001 217266
005 20231031194450.0
035 |a (RuTPU)RU\TPU\book\237260 
035 |a RU\TPU\book\236539 
090 |a 217266 
100 |a 20120603d2010 k y0rusy50 ca 
101 0 |a rus 
102 |a RU 
200 1 |a Выбор метода измерения артериального давления  |f Е. И. Шкляр, Д. В. Миляев, С. С. Стариков 
320 |a Библиогр.: с. 43 (4 назв.) 
463 0 |0 (RuTPU)RU\TPU\book\229489  |t Информационно-измерительная техника и технологии  |o сборник материалов I Научно-практической конференции, посвященной 50-летию кафедры "Информационно-измерительная техника" ЭФФ НИ ТПУ, г. Томск, 25-26 февраля 2010 г.  |f Национальный исследовательский Томский политехнический университет (ТПУ); под ред. А. В. Юрченко  |v С. 42-43  |d 2010  |p 117 с. 
700 1 |a Шкляр  |b Е. И. 
701 1 |a Миляев  |b Д. В.  |c российский учёный в области информационно-измерительной техники  |c доцент Томского политехнического университета, кандидат технических наук  |f 1940-  |g Дмитрий Васильевич  |2 stltpush  |3 (RuTPU)RU\TPU\pers\26529 
701 1 |a Стариков  |b С. С. 
801 1 |a RU  |b 63413507  |c 20120523 
801 2 |a RU  |b 63413507  |c 20160520  |g RCR 
942 |c BK